[Event "Titled Tuesday intern op 13th Feb Early"]
[Site "Chess.com INT"]
[Date "2024.02.13"]
[Round "6"]
[White "Gonzalez Ballen, Miguel Eduardo"]
[Black "Golubovic, Erik"]
[Result "0-1"]
[WhiteElo "1828"]
[BlackElo "2025"]
[PlyCount "86"]
[EventDate "2024.02.13"]
[EventType "swiss (blitz)"]
[EventRounds "11"]
[EventCountry "USA"]
[SourceTitle "CB08_2024"]
[SourceDate "2024.02.21"]
[SourceVersion "1"]
[SourceVersionDate "2024.02.21"]
[SourceQuality "1"]

1. Nf3 Nf6 2. b3 d5 3. Bb2 c5 4. e3 Nc6 5. Bb5 Bd7 6. 0-0 e6 7. d3 Be7 8. Qe2 a6 9. Bxc6 Bxc6 10. Nbd2 0-0 11. Ne5 Qc7 12. f4 b5 13. Ndf3 Bb7 14. Qf2 Rac8 15. Qg3 Ne8 16. c4 dxc4 17. dxc4 f6 18. Ng4 Nd6 19. Qh3 Nf5 20. Rae1 Be4 21. Nf2 Qc6 22. Nxe4 Qxe4 23. Nh4 bxc4 24. Nxf5 exf5 25. bxc4 Rfd8 26. Bc3 Rd3 27. Ba5 g6 28. Rf2 Re8 29. Rfe2 Bf8 30. Qf3 Qxc4 31. Qc6 Qe4 32. Qxf6 Bg7 33. Qb6 c4 34. Qxa6 c3 35. Qb5 c2 36. Rxc2 Rxe3 37. Rxe3 Qxe3+ 38. Kf1 Qxf4+ 39. Kg1 Bd4+ 40. Kh1 Qe4 41. Qc4+ Kh8 42. h3 Bg7 43. Qxe4 fxe4 0-1

[Event "Rivera Huila Hernandez Memorial-B"]
[Site "Rivera Huila"]
[Date "2023.07.22"]
[Round "4"]
[White "Gonzalez Ballen, Miguel Eduardo"]
[Black "Triana Castro, Francisco Javier"]
[Result "1-0"]
[WhiteElo "1850"]
[BlackElo "1564"]
[PlyCount "96"]
[EventDate "2023.07.20"]
[EventType "swiss"]
[EventRounds "7"]
[EventCountry "COL"]
[SourceTitle "CBM 215 Extra"]
[Source "ChessBase"]
[SourceDate "2023.09.30"]
[SourceVersion "1"]
[SourceVersionDate "2023.09.30"]
[SourceQuality "1"]

1. Nf3 b6 2. b3 Nf6 3. Bb2 e6 4. e3 Be7 5. c4 c5 6. d4 Bb7 7. Nc3 d5 8. Be2 Nc6 9. 0-0 cxd4 10. exd4 0-0 11. Re1 Bb4 12. Bd3 Rc8 13. Rc1 dxc4 14. bxc4 Na5 15. Ne5 g6 16. Qe2 Nh5 17. Qe3 Ba6 18. Ng4 Bd6 19. Nh6+ Kg7 20. d5 f6 21. Ne2 e5 22. Ng4 Qe7 23. Qh6+ Kg8 24. Bxg6 hxg6 25. Qxg6+ Ng7 26. Rc3 Qe8 27. Qh6 Qh5 28. Nxf6+ Rxf6 29. Qxf6 Bb4 30. Rg3 Qf7 31. Qxe5 Rc7 32. Rc1 Nxc4 33. Rxc4 Bxc4 34. Nf4 Bf8 35. h4 Kh7 36. Ne6 Re7 37. Ng5+ Kg8 38. Nxf7 Rxe5 39. Nxe5 Bxd5 40. Nd7 Bxa2 41. Nxf8 Kxf8 42. Rxg7 Bf7 43. g4 a5 44. h5 a4 45. h6 a3 46. h7 axb2 47. h8Q+ Ke7 48. Rxf7+ Kxf7 1-0

[Event "Rivera Huila Hernandez Memorial-B"]
[Site "Rivera Huila"]
[Date "2023.07.21"]
[Round "3"]
[White "Valdes Martinez, Miguel A"]
[Black "Gonzalez Ballen, Miguel Eduardo"]
[Result "1-0"]
[WhiteElo "2138"]
[BlackElo "1850"]
[PlyCount "84"]
[EventDate "2023.07.20"]
[EventType "swiss"]
[EventRounds "7"]
[EventCountry "COL"]
[SourceTitle "CBM 215 Extra"]
[Source "ChessBase"]
[SourceDate "2023.09.30"]
[SourceVersion "1"]
[SourceVersionDate "2023.09.30"]
[SourceQuality "1"]

1. d4 Nf6 2. Nf3 g6 3. Bf4 Bg7 4. e3 d6 5. h3 Nbd7 6. Be2 b6 7. 0-0 Bb7 8. Bh2 0-0 9. a4 a6 10. Nbd2 c5 11. a5 b5 12. c4 b4 13. d5 Ne8 14. Qc2 e6 15. e4 e5 16. Bd3 Bh6 17. Ne1 Qh4 18. Bg3 Qf6 19. Be2 Bc8 20. Nd3 Qg7 21. f4 exf4 22. Bxf4 Bxf4 23. Rxf4 Ne5 24. Raf1 Bd7 25. Nxe5 Qxe5 26. Bg4 Bxg4 27. hxg4 Ng7 28. R4f2 Rae8 29. Qa4 Qxb2 30. Qd7 f6 31. Qxd6 Qd4 32. Nb3 Qxe4 33. Nxc5 Qd4 34. Nd7 f5 35. Nxf8 Rxf8 36. Qxb4 Qxg4 37. d6 f4 38. c5 Nh5 39. Qc4+ Kg7 40. Qd4+ Kh6 41. d7 Qh4 42. Rf3 Qd8 1-0

[Event "Bogota Navidad op"]
[Site "Bogota"]
[Date "2016.12.10"]
[Round "7"]
[White "Estrada Velandia, Henry Andres"]
[Black "Gonzalez Ballen, Miguel Eduardo"]
[Result "1-0"]
[WhiteElo "1600"]
[BlackElo "1894"]
[PlyCount "69"]
[EventDate "2016.12.07"]
[EventType "swiss"]
[EventRounds "9"]
[EventCountry "COL"]
[SourceTitle "CBM 176 Extra"]
[Source "ChessBase"]
[SourceDate "2017.03.02"]
[SourceVersion "1"]
[SourceVersionDate "2017.03.02"]
[SourceQuality "1"]

1. d4 e6 2. c4 Nf6 3. Nc3 c5 4. e3 b6 5. d5 exd5 6. cxd5 d6 7. Bc4 g6 8. Nge2 Bg7 9. 0-0 0-0 10. e4 a6 11. a4 Re8 12. f3 Nbd7 13. Bg5 h6 14. Be3 Ne5 15. Bb3 g5 16. Ng3 Ng6 17. Qd2 Bd7 18. Kh1 b5 19. Nce2 b4 20. Qc2 Rc8 21. Bc4 Ra8 22. b3 g4 23. Rae1 Ra7 24. f4 Qc7 25. e5 dxe5 26. d6 Qxd6 27. Qxg6 Be6 28. Bxe6 Qxe6 29. Qc2 e4 30. Qxc5 Rb7 31. Nd4 Qd5 32. Ndf5 Bf8 33. Qd4 Re6 34. Qb2 Qd3 35. Bd4 1-0

[Event "COL sub zt 2.3.4"]
[Site "La Dorada"]
[Date "2016.11.04"]
[Round "5"]
[White "Gonzalez Ballen, Miguel Eduardo"]
[Black "Medina Coneo, Arlintong"]
[Result "1-0"]
[WhiteElo "1957"]
[BlackElo "1728"]
[PlyCount "52"]
[EventDate "2016.11.02"]
[EventType "swiss"]
[EventRounds "9"]
[EventCountry "COL"]
[SourceTitle "CBM 175 Extra"]
[Source "ChessBase"]
[SourceDate "2016.12.12"]
[SourceVersion "1"]
[SourceVersionDate "2016.12.12"]
[SourceQuality "1"]

1. Nf3 Nf6 2. d4 d5 3. e3 e6 4. Bd3 c5 5. b3 cxd4 6. exd4 Bd6 7. 0-0 Qc7 8. c4 b6 9. Nc3 a6 10. Bg5 Bb7 11. Rc1 h6 12. Bxf6 gxf6 13. cxd5 Rg8 14. Ne4 Qe7 15. Re1 Nd7 16. dxe6 fxe6 17. Bc4 Nf8 18. d5 b5 19. Nd4 Bb4 20. Qh5+ Kd8 21. Red1 Qg7 22. Nxe6+ Nxe6 23. dxe6+ Kc8 24. Bf1+ Kb8 25. Rd7 Bxe4 26. Rxg7 Rxg7 1-0

[Event "Bogota Distrital-ch 78th"]
[Site "Bogota"]
[Date "2016.04.08"]
[Round "1"]
[White "Bravo Hernandez, Luis Alberto"]
[Black "Gonzalez Ballen, Miguel Eduardo"]
[Result "0-1"]
[WhiteElo "1679"]
[BlackElo "1964"]
[PlyCount "60"]
[EventDate "2016.04.08"]
[EventType "swiss"]
[EventRounds "6"]
[EventCountry "COL"]
[SourceTitle "CBM 172 Extra"]
[Source "ChessBase"]
[SourceDate "2016.06.21"]
[SourceVersion "1"]
[SourceVersionDate "2016.06.21"]
[SourceQuality "1"]

1. d4 Nf6 2. Nf3 e6 3. g3 b6 4. Bg2 Bb7 5. Nbd2 c5 6. e3 d5 7. 0-0 c4 8. Ne5 Qc7 9. Re1 Nc6 10. Nxc6 Bxc6 11. e4 c3 12. bxc3 dxe4 13. Nxe4 Nxe4 14. Bxe4 Bxe4 15. Rxe4 Qxc3 16. Bd2 Qc4 17. Qf3 Rc8 18. Rae1 Be7 19. Qh5 0-0 20. d5 Qb5 21. a4 Qd7 22. Bf4 Rxc2 23. d6 Bf6 24. Qd1 Rfc8 25. Qd3 R2c5 26. Qb3 g5 27. Be5 Bxe5 28. Rxe5 Qxd6 29. Rxe6 fxe6 30. Rxe6 Qd5 0-1

[Event "Zipaquira la Sabana op 4th"]
[Site "Zipaquira"]
[Date "2015.11.16"]
[Round "7.2"]
[White "Gonzalez Ballen, Miguel Eduardo"]
[Black "Guerrero, Hernando"]
[Result "1-0"]
[WhiteElo "2003"]
[BlackElo "1830"]
[PlyCount "69"]
[EventDate "2015.11.13"]
[EventType "swiss"]
[EventRounds "7"]
[EventCountry "COL"]
[SourceTitle "EXT 2024"]
[Source "ChessBase"]
[SourceDate "2023.10.10"]
[SourceVersion "1"]
[SourceVersionDate "2023.10.10"]
[SourceQuality "1"]

1. b3 Nf6 2. Bb2 e6 3. e3 d5 4. Nf3 c5 5. d4 cxd4 6. exd4 Be7 7. Nbd2 0-0 8. Bd3 Nc6 9. a3 b6 10. 0-0 a5 11. Qe2 Bb7 12. Rfe1 Qc8 13. Rac1 Ba6 14. c4 dxc4 15. Nxc4 Qb7 16. Ng5 h6 17. h4 Bxc4 18. bxc4 Rae8 19. Ne4 Nb8 20. d5 exd5 21. Nxf6+ Bxf6 22. Qxe8 Bxb2 23. Bh7+ Kxh7 24. Qxf8 Bxc1 25. Rxc1 dxc4 26. Rxc4 Qd5 27. Rc8 Nd7 28. Qe7 Nf6 29. Rd8 Qc4 30. Qe1 Qxh4 31. Qb1+ Qe4 32. Qxe4+ Nxe4 33. Rb8 a4 34. Rxb6 Nc3 35. Rb4 1-0